00897nam a2200217 a 450000100100000000500170001000800410002704000130006808200150008110000300009624500890012626000400021530000210025550000630027650400550033970000280039404900090042295201130043195201180054499900170066200001594520200929164219.0100222s1999 dr 000 0 spa d aDO-SdBNP axxxbB642m1 aBlandino, Pedro D.93583510aManual de extradición /cPedro D. Blandino ; notas y preliminares Fernando Amiama. aSanto Domingo :bCentenario,c1999. a212 p. ;c22 cm. aIncluye datos biográficos del autor en la contracubierta aIncluye referencias bibliográficas ( p. 207-212)1 aAmiama, Fernando935836 aBNPD 0010718PDaPDbPDcCTd2010-02-22iLF1l0oxxx B642mp15945-10r2020-06-25w2020-06-25yLFPDZNo se presta 0010718PDaPDbPDcCTd2010-02-22iLF1l0oxxx B642mp15945-20r2020-06-25te.2w2020-06-25yLFPDZNo se presta c15487d15487